Paroles Deeper - Tip Stevens - Statistiques

Statistiques générales
  • Ce quiz a été pris 72 fois
  • Le résultat moyen est 144 sur 205
Statistiques - réponses
Lyrics % Correct
a
100%
(A
100%
A
100%
I
100%
(I
100%
the
97%
in
94%
In
94%
me
94%
castle
91%
dee
91%
Deeper,
91%
deeper
91%
deeper,
91%
found
91%
sand
91%
to
91%
comforting
88%
It
88%
so
88%
something
88%
you
88%
Any
84%
any
84%
over
84%
know,
81%
know
81%
And
78%
dig
78%
Familiar,
78%
stumbled
75%
they
75%
(They
75%
was
75%
answer
72%
find
72%
need
72%
on
69%
sun
66%
today
66%
way
66%
were
66%
from
63%
of
63%
king
59%
maybe
59%
melodies
59%
shining
59%
symphonies
59%
walls
59%
be
56%
Echoing
56%
empty
56%
golden
56%
hiding
56%
land
56%
rising
56%
world
56%
Now
53%
remember
53%
song
53%
tell
53%
would
53%
dawn
50%
my
50%
they're
50%
until
50%
about
47%
change
47%
have
47%
jumping
47%
oak
47%
risky
47%
Trying
47%
victorious
47%
board
44%
Climbing
44%
deserves
44%
ready
44%
there's
44%
times)
44%
times
44%
All
41%
At
41%
fool
41%
ones
41%
plans
41%
silent
41%
stones
41%
than
41%
these
41%
higher
38%
tippy
38%
toes
38%
top
38%
vertigo
38%
which
38%
eyes)
34%
muffled
34%
Pioneer
34%
Please
34%
Worn
34%
battle
31%
many
31%
Sketching
28%
sleeping
28%
those
28%
witness
28%
millions
25%
plains
25%
wake
25%
blinded
22%
must
22%
wonders)
19%
Aucun quiz correspondant
Distribution des résultats
% des personnes avec chaque résultat
Percentile par nombre de réponses
Votre historique - résultats
Vous n’avez pas pris ce quiz